000
00391nam a2200145Ia 4500
008
100122s9999 xx 000 0 und d
082
_b
12566
_a
823
100
_a
साठे अण्णाभाऊ
245
_a
वैर
260
_b
नवमहाराष्ट्र प्रकाशन
_c
1964
300
_a
112
630
_a
वैर
730
_a
वैर
942
_c
BOOK
999
_c
403684
_d
403681